00625nam a22001817a 4500003000200000005001700002008004100019020002200060050002300082100002200105245008700127250001800214260004100232300004400273500003700317504005200354650003700406020231018083722.0231018b xxu||||| |||| 00| 0 eng d a978-1-265-07553-8 aHD 9980b.B37 2023 aBordoloi, Sanjeev aService management: operations, strategy, information technologycSanjeev Bordoloi aTenth edition aNew YorkbMcGraw Hill, LLC. cc2023. axix, 524 pages :bcol. ill. ; c26 cm.  aService industries--management.  aIncludes bibliographical references and index.  aService industries--management.